[Event "X Festival A"]
[Site "Verona ITA"]
[Date "2004.01.05"]
[Round "5"]
[White "Trabert, Bettina"]
[Black "De Rosa, Mariagrazia"]
[Result "1-0"]
[WhiteElo "2247"]
[BlackElo "2136"]
[PlyCount "97"]
[EventDate "2004.01.02"]

1. e4 c5 2. Nf3 d6 3. d4 cxd4 4. Nxd4 Nf6 5. Nc3 a6 6. g3 e6 7. Bg2 Qc7 8. O-O
Nc6 9. a4 Be7 10. Nb3 b6 11. f4 Bb7 12. Qe2 O-O 13. g4 Rfe8 14. g5 Nd7 15. Be3
Nb4 16. Rf2 Nc5 17. Nd4 Bf8 18. Qh5 g6 19. Qh4 e5 20. fxe5 Rxe5 21. Raf1 Re7
22. Rf3 Bc8 23. Nd5 Nxd5 24. exd5 Bd7 25. Nc6 Re4 26. Qf2 Be8 27. Bd4 f5 28.
gxf6 Bf7 29. c4 Rae8 30. Rh3 Qd7 31. Ne7+ Kh8 32. Rxh7+ Kxh7 33. Bxe4 Qg4+ 34.
Bg2 Bh6 35. h3 Qg5 36. Qf3 Qd2 37. Bc3 Qe3+ 38. Qxe3 Bxe3+ 39. Kh1 Nxa4 40. Re1
Bf2 41. Re2 Bc5 42. Re4 g5 43. Bd2 Nxb2 44. Bxg5 Bf2 45. Rf4 Bg3 46. Rg4 Be1
47. Be4+ Kh8 48. Bh6 Rxe7 49. fxe7 1-0

[Event "X Festival A"]
[Site "Verona ITA"]
[Date "2004.01.05"]
[Round "6"]
[White "Barbieri, Giovanni"]
[Black "Martorelli, Antonio"]
[Result "0-1"]
[WhiteElo "2089"]
[BlackElo "2272"]
[PlyCount "71"]
[EventDate "2004.01.02"]

1. e4 c5 2. d3 e6 3. g3 d5 4. Bg2 Nc6 5. Nh3 dxe4 6. Bxe4 Nf6 7. Bg2 e5 8. O-O
Be7 9. Nd2 O-O 10. Kh1 Bf5 11. Ng1 Qd7 12. Ne4 Rad8 13. Nxf6+ Bxf6 14. Be3 b6
15. Ne2 Bh3 16. Bxh3 Qxh3 17. Ng1 Qe6 18. Qf3 Nb4 19. Qe2 e4 20. Rad1 exd3 21.
cxd3 Qxa2 22. Rd2 Rfe8 23. Rfd1 Qd5+ 24. Qf3 Re5 25. d4 Rf5 26. Qxd5 Rfxd5 27.
dxc5 Rxd2 28. Rxd2 Rxd2 29. Bxd2 bxc5 30. Bxb4 cxb4 31. b3 a5 32. Ne2 a4 33.
Nc1 Bb2 34. Nd3 Bc3 35. Nc1 Bd2 36. bxa4 0-1

[Event "X Festival A"]
[Site "Verona ITA"]
[Date "2004.01.05"]
[Round "6"]
[White "Borgo, Giulio"]
[Black "Ungureanu, Vlad"]
[Result "1/2-1/2"]
[WhiteElo "2409"]
[BlackElo "2282"]
[PlyCount "181"]
[EventDate "2004.01.02"]

1. Nf3 Nf6 2. g3 g6 3. b3 Bg7 4. Bb2 O-O 5. Bg2 c5 6. c4 Nc6 7. d4 cxd4 8. Nxd4
Qb6 9. e3 a5 10. a3 d6 11. O-O Bg4 12. Qc2 Rfc8 13. h3 Bd7 14. Nd2 Rab8 15.
Rac1 Qa6 16. Rfe1 d5 17. Nxc6 bxc6 18. Be5 Rb7 19. Qc3 Be6 20. Bf1 Qa7 21. Bd4
c5 22. Be5 a4 23. bxa4 Qxa4 24. Qa1 Ra7 25. cxd5 Bxd5 26. Bc4 Qd7 27. Bxd5 Qxd5
28. Nc4 Qe6 29. Kh2 h5 30. Bxf6 Bxf6 31. Qb1 Rca8 32. h4 Rd8 33. Qc2 Rb8 34.
Rb1 Rab7 35. Rxb7 Rxb7 36. Qe2 Rb3 37. Rc1 Bg7 38. a4 Qa6 39. a5 Bf6 40. Qd1
Rb4 41. Qd5 Qb5 42. Kg2 Kg7 43. Kf3 e6 44. Qe4 Bd8 45. Qe5+ Bf6 46. Qe4 Bd8 47.
Qe5+ Bf6 48. Qf4 Bd8 49. Kg2 Qc6+ 50. Kg1 Bc7 51. Ne5 Qe8 52. e4 f6 53. Qd2
Bxe5 54. Rxc5 Rb7 55. a6 Rd7 56. Qa2 Qe7 57. Rc6 Kf7 58. Qc4 Bd4 59. Kg2 Ba7
60. f3 Kg7 61. Rxe6 Qc5 62. Qxc5 Bxc5 63. f4 Rd2+ 64. Kh3 Ra2 65. Rc6 Bf2 66.
Kg2 Bd4+ 67. Kh3 Kf7 68. Rc7+ Ke6 69. Rg7 Rxa6 70. Rxg6 Kf7 71. Rh6 Ra3 72.
Rxh5 Bf2 73. Rf5 Rxg3+ 74. Kh2 Ke6 75. Ra5 Rg8 76. Ra6+ Ke7 77. e5 f5 78. Rf6
Rf8 79. Rh6 Be1 80. h5 Bd2 81. Kg3 Rg8+ 82. Kf3 Rg4 83. Rh7+ Kf8 84. e6 Rxf4+
85. Ke2 Bc3 86. Rf7+ Ke8 87. h6 Bb2 88. h7 Re4+ 89. Kf3 Rxe6 90. Rb7 Bf6 91.
Kf4 1/2-1/2

[Event "X Festival A"]
[Site "Verona ITA"]
[Date "2004.01.05"]
[Round "6"]
[White "Komljenovic, Davorin"]
[Black "Godena, Michele"]
[Result "0-1"]
[WhiteElo "2441"]
[BlackElo "2515"]
[PlyCount "47"]
[EventDate "2004.01.02"]

1. c4 e5 2. Nc3 Bb4 3. Qc2 Nf6 4. Nf3 Nc6 5. e3 Bxc3 6. Qxc3 Qe7 7. d3 d5 8.
Be2 O-O 9. O-O Rd8 10. b3 Bg4 11. h3 Bh5 12. g4 Bg6 13. Bb2 dxc4 14. Qxc4 Nd5
15. a3 h5 16. b4 hxg4 17. hxg4 a6 18. Rac1 Rd6 19. Kg2 e4 20. dxe4 Bxe4 21. Kg3
Rad8 22. Rh1 Rg6 23. Rh5 Nf6 24. Rh4 0-1

[Event "X Festival A"]
[Site "Verona ITA"]
[Date "2004.01.06"]
[Round "7"]
[White "Bacrot, Etienne"]
[Black "Godena, Michele"]
[Result "1/2-1/2"]
[WhiteElo "2664"]
[BlackElo "2515"]
[PlyCount "91"]
[EventDate "2004.01.02"]

1. d4 d5 2. c4 c6 3. Nc3 Nf6 4. Nf3 e6 5. Bg5 h6 6. Bh4 Be7 7. e3 Nbd7 8. Rc1
O-O 9. Bd3 b6 10. cxd5 cxd5 11. O-O Bb7 12. Bg3 Nh5 13. Be5 Nhf6 14. Bf4 Nh5
15. a3 a6 16. Bb1 Nxf4 17. exf4 Re8 18. Ne5 Bd6 19. Qd3 Nf8 20. g3 b5 21. Qe3
Qb6 22. Nd3 Bc6 23. Rc2 b4 24. axb4 Bxb4 25. Rfc1 Bd6 26. Ne4 Ba4 27. Nxd6 Qxd6
28. Rc3 Rab8 29. Nc5 Bd7 30. b3 Bb5 31. Bd3 Nd7 32. Bb1 Nxc5 33. dxc5 d4 34.
cxd6 dxe3 35. fxe3 Red8 36. Rd1 f5 37. g4 Be2 38. Rd4 Bxg4 39. e4 fxe4 40. Bxe4
Rb6 41. Bc6 Be2 42. Kf2 Bb5 43. Bxb5 Rxb5 44. Rc6 Rxb3 45. Rxa6 Kf7 46. Ra7+
1/2-1/2

[Event "X Festival A"]
[Site "Verona ITA"]
[Date "2004.01.06"]
[Round "7"]
[White "Dervishi, Erald"]
[Black "Aldrovandi, Costantino"]
[Result "1-0"]
[WhiteElo "2490"]
[BlackElo "2375"]
[PlyCount "133"]
[EventDate "2004.01.02"]

1. e4 c5 2. Nf3 d6 3. d4 cxd4 4. Nxd4 Nf6 5. Nc3 g6 6. Be3 Bg7 7. Bc4 Nc6 8. f3
O-O 9. Qd2 Bd7 10. O-O-O Ne5 11. Bb3 Qa5 12. Kb1 Rfc8 13. h4 Nc4 14. Bxc4 Rxc4
15. Nb3 Qc7 16. Bd4 Be6 17. g4 a5 18. g5 Nh5 19. Bxg7 Kxg7 20. Nd4 Qc5 21. Rhe1
a4 22. a3 Rc8 23. Na2 Qe5 24. Nb4 Qf4 25. Qf2 Qg3 26. Qxg3 Nxg3 27. Nb5 Bd7 28.
Nc3 Bc6 29. Rd2 h6 30. Rg1 Nh5 31. Ncd5 Re8 32. Nb6 Rc5 33. Nxc6 Rxc6 34. Nxa4
Nf4 35. Nc3 hxg5 36. hxg5 Rh8 37. Rg4 e5 38. Nd5 Rh1+ 39. Ka2 Nxd5 40. exd5 Rc7
41. Kb3 Rh3 42. Rd3 f5 43. gxf6+ Kxf6 44. a4 Kf5 45. Rb4 g5 46. Rb6 Rd7 47. a5
e4 48. fxe4+ Kg4 49. Kc4 Rxd3 50. Kxd3 Kf4 51. a6 bxa6 52. Rb8 Rf7 53. Rg8 a5
54. Rg6 Rd7 55. Kd4 g4 56. Rf6+ Kg5 57. Rf5+ Kh4 58. Rf8 a4 59. e5 dxe5+ 60.
Kxe5 g3 61. Rh8+ Kg4 62. Rg8+ Kf3 63. d6 Rb7 64. Ke6 Rxb2 65. d7 Rb6+ 66. Ke5
Rb5+ 67. Kd4 1-0

[Event "I Trofeo C.V.A. A"]
[Site "Arvier ITA"]
[Date "2004.01.02"]
[Round "1"]
[White "Efimov, Igor"]
[Black "Mazzariol, Oscar"]
[Result "1-0"]
[WhiteElo "2505"]
[BlackElo "2077"]
[PlyCount "65"]
[EventDate "2004.01.02"]

1. d4 d5 2. c4 c6 3. Nf3 Nf6 4. Qb3 g6 5. g3 Bg7 6. Bg2 O-O 7. O-O dxc4 8. Qxc4
Be6 9. Qa4 Nbd7 10. Ng5 Nb6 11. Qd1 Qd7 12. Nxe6 Qxe6 13. e3 Rfd8 14. Qc2 Rac8
15. Nd2 Nfd5 16. Nb3 Na4 17. Na5 b5 18. Bd2 c5 19. Nb7 Rd7 20. Nxc5 Nxc5 21.
dxc5 Rdc7 22. Rac1 Rxc5 23. Qxc5 Rxc5 24. Rxc5 Nb6 25. b3 Qd6 26. Bb4 Qd3 27.
Bf3 Qd7 28. Rd1 Qe6 29. Rd8+ Bf8 30. Rxb5 Nd7 31. Rb7 Ne5 32. Bd5 Qf5 33. Bxe7
1-0

[Event "I Trofeo C.V.A. A"]
[Site "Arvier ITA"]
[Date "2004.01.02"]
[Round "1"]
[White "Pegoraro, Nicola"]
[Black "Squarci, Franco"]
[Result "1-0"]
[WhiteElo "2068"]
[BlackElo "2016"]
[PlyCount "48"]
[EventDate "2004.01.02"]

1. e4 c5 2. Nf3 Nc6 3. d4 cxd4 4. Nxd4 Nf6 5. Nc3 a6 6. Be3 e6 7. Bd3 Ne5 8.
O-O b5 9. a3 Bb7 10. Kh1 Be7 11. f4 Nc4 12. Bxc4 bxc4 13. Qf3 h5 14. Rad1 Qc7
15. Bg1 h4 16. h3 d5 17. e5 Ne4 18. Bh2 Bc5 19. f5 Bxd4 20. Rxd4 Ng3+ 21. Bxg3
hxg3 22. Qxg3 O-O 23. f6 g6 24. Qg5 Qxe5 1-0

[Event "I Trofeo C.V.A. A"]
[Site "Arvier ITA"]
[Date "2004.01.02"]
[Round "1"]
[White "Trotto, Pierangelo"]
[Black "Barberi, Alessandro"]
[Result "0-1"]
[WhiteElo "1824"]
[BlackElo "2142"]
[PlyCount "38"]
[EventDate "2004.01.02"]

1. e4 g6 2. d4 Bg7 3. Bc4 c6 4. Nc3 b5 5. Bb3 b4 6. Qf3 e6 7. Nce2 d5 8. exd5
cxd5 9. c4 bxc3 10. Nxc3 Ne7 11. Nge2 Nbc6 12. Bf4 Ba6 13. O-O O-O 14. Rfd1 Nf5
15. Rac1 Ncxd4 16. Nxd4 Nxd4 17. Rxd4 Bxd4 18. Rd1 Bg7 19. Nxd5 Bb7 0-1

[Event "I Trofeo C.V.A. A"]
[Site "Arvier ITA"]
[Date "2004.01.03"]
[Round "2"]
[White "Mazzariol, Oscar"]
[Black "Pegoraro, Nicola"]
[Result "1-0"]
[WhiteElo "2077"]
[BlackElo "2068"]
[PlyCount "41"]
[EventDate "2004.01.02"]

1. e4 c5 2. c3 e5 3. Nf3 Nc6 4. Bb5 Nf6 5. Qe2 Qc7 6. O-O Be7 7. Rd1 O-O 8. d4
cxd4 9. Bg5 d6 10. cxd4 Bg4 11. Bxc6 Qxc6 12. Nc3 exd4 13. Rxd4 Qc5 14. Nd5
Nxd5 15. Rxd5 Qc7 16. Bf4 Rac8 17. Rad1 Qb6 18. h3 Be6 19. R5d2 Rfd8 20. Nd4
Bc4 21. Qg4 1-0

[Event "I Trofeo C.V.A. A"]
[Site "Arvier ITA"]
[Date "2004.01.03"]
[Round "2"]
[White "Scipioni, Gaetano"]
[Black "Barberi, Alessandro"]
[Result "1-0"]
[WhiteElo "2057"]
[BlackElo "2142"]
[PlyCount "81"]
[EventDate "2004.01.02"]

1. d4 g6 2. Nf3 Bg7 3. Bf4 d6 4. c4 Nd7 5. Nc3 b6 6. e3 Bb7 7. Be2 e5 8. Bg5 f6
9. Bh4 Ne7 10. e4 O-O 11. O-O g5 12. Bg3 Ng6 13. Qd2 Nf4 14. Bxf4 exf4 15. d5
f5 16. Nd4 Bxd4 17. Qxd4 Ne5 18. exf5 Rxf5 19. Bd3 Rf7 20. f3 Qf8 21. b4 Re8
22. Rae1 Bc8 23. Ne2 Nxd3 24. Qxd3 Re3 25. Qd2 Rfe7 26. Nd4 Qe8 27. Rxe3 Rxe3
28. Kf2 Qh5 29. Re1 Qh4+ 30. Kf1 Qxh2 31. Rxe3 fxe3 32. Qxe3 Qe5 33. Qxe5 dxe5
34. Nb5 Ba6 35. a4 h5 36. Kf2 Bxb5 37. axb5 Kf7 38. Ke3 g4 39. fxg4 hxg4 40.
Ke4 Kf6 41. g3 1-0

[Event "I Trofeo C.V.A. A"]
[Site "Arvier ITA"]
[Date "2004.01.03"]
[Round "3"]
[White "Barberi, Alessandro"]
[Black "Squarci, Franco"]
[Result "1-0"]
[WhiteElo "2142"]
[BlackElo "2016"]
[PlyCount "61"]
[EventDate "2004.01.02"]

1. d4 Nf6 2. c4 c6 3. Nf3 Na6 4. Nc3 e6 5. e4 Bb4 6. Bd3 d5 7. cxd5 exd5 8. e5
Ne4 9. Qc2 Bf5 10. O-O Bxc3 11. bxc3 Qa5 12. Ng5 Nxg5 13. Bxf5 Ne6 14. Rb1 b5
15. Be3 Nac7 16. f4 Qa3 17. Bh3 g6 18. f5 gxf5 19. Rxf5 c5 20. Bc1 Qa5 21. Be3
cxd4 22. cxd4 Qb6 23. Qf2 O-O-O 24. Rxf7 Rdf8 25. Rxf8+ Rxf8 26. Qxf8+ Kb7 27.
Qd6 a5 28. Bxe6 b4 29. Bxd5+ Nxd5 30. Qxd5+ Ka6 31. Rc1 1-0

[Event "I Trofeo C.V.A. A"]
[Site "Arvier ITA"]
[Date "2004.01.03"]
[Round "3"]
[White "Efimov, Igor"]
[Black "Scipioni, Gaetano"]
[Result "1-0"]
[WhiteElo "2505"]
[BlackElo "2057"]
[PlyCount "33"]
[EventDate "2004.01.02"]

1. d4 d5 2. Bg5 c6 3. e3 Qb6 4. Qc1 Bf5 5. Nd2 e6 6. c4 Nd7 7. Ne2 Ngf6 8. c5
Qc7 9. Bf4 Qd8 10. Nc3 Be7 11. Be2 O-O 12. b4 b6 13. O-O a5 14. a3 Ra7 15. b5
bxc5 16. bxc6 cxd4 17. Nb5 1-0

[Event "I Trofeo C.V.A. A"]
[Site "Arvier ITA"]
[Date "2004.01.03"]
[Round "3"]
[White "Pegoraro, Nicola"]
[Black "Ortega, Lexy"]
[Result "0-1"]
[WhiteElo "2068"]
[BlackElo "2454"]
[PlyCount "96"]
[EventDate "2004.01.02"]

1. e4 c5 2. Nf3 e6 3. d4 cxd4 4. Nxd4 a6 5. Bd3 Bc5 6. Nb3 Ba7 7. Qe2 Nc6 8.
O-O d6 9. Be3 Nf6 10. Nc3 O-O 11. Rad1 b5 12. a3 e5 13. Bxa7 Rxa7 14. Qe3 Re7
15. Be2 Qc7 16. Rd2 Be6 17. Rfd1 Rd8 18. h3 h6 19. g4 Bxb3 20. cxb3 Nd4 21. b4
Ne6 22. Bf1 Qb8 23. Bg2 Nf4 24. Bf1 Nh7 25. Nd5 Nxd5 26. Rxd5 Ng5 27. Bg2 Ne6
28. R5d3 Nf4 29. Rc3 Rc7 30. Rdc1 Rdc8 31. Bf1 Rxc3 32. Rxc3 Qb7 33. Qc1 Rxc3
34. Qxc3 Qxe4 35. Qc8+ Kh7 36. Qf5+ Qxf5 37. gxf5 g5 38. a4 bxa4 39. Bxa6 Nd5
40. Bb5 Nxb4 41. Bxa4 Nd3 42. b3 Nc5 43. Be8 Nxb3 44. Bxf7 Nd2 45. Bd5 Kg7 46.
f3 Nb1 47. Be4 Nc3 48. Bd3 Nd5 0-1

[Event "I Trofeo C.V.A. A"]
[Site "Arvier ITA"]
[Date "2004.01.03"]
[Round "3"]
[White "Trotto, Pierangelo"]
[Black "Mazzariol, Oscar"]
[Result "1/2-1/2"]
[WhiteElo "1824"]
[BlackElo "2077"]
[PlyCount "88"]
[EventDate "2004.01.02"]

1. e4 c5 2. Nf3 e6 3. d4 cxd4 4. Nxd4 Nf6 5. Nc3 d6 6. Be2 a6 7. a4 b6 8. O-O
Bb7 9. f3 Qc7 10. Be3 Nbd7 11. Kh1 d5 12. exd5 Nxd5 13. Nxd5 Bxd5 14. Qd2 Bd6
15. Nf5 Be5 16. c3 Bb7 17. f4 exf5 18. fxe5 O-O 19. Rxf5 Nxe5 20. Bd4 Rad8 21.
Qf4 Qc6 22. Qg3 Ng6 23. Bf3 Qe6 24. Bxb7 Qxf5 25. Bxa6 Qc2 26. b4 Rfe8 27. h4
Qb2 28. Rf1 Re4 29. Qc7 Rxh4+ 30. Kg1 Rhxd4 31. Qxf7+ Kh8 32. cxd4 Qxd4+ 33.
Kh1 Qxb4 34. Bb5 Rf8 35. Qc4 Qxc4 36. Bxc4 Rxf1+ 37. Bxf1 Nf4 38. Kg1 Nd5 39.
Bc4 Nc3 40. Bb3 g6 41. Kf2 Ne4+ 42. Ke3 Nc5 43. Bc2 Kg7 44. Kd4 Kf6 1/2-1/2

[Event "I Trofeo C.V.A. A"]
[Site "Arvier ITA"]
[Date "2004.01.04"]
[Round "4"]
[White "Efimov, Igor"]
[Black "Pegoraro, Nicola"]
[Result "1-0"]
[WhiteElo "2505"]
[BlackElo "2068"]
[PlyCount "87"]
[EventDate "2004.01.02"]

1. d4 f5 2. g3 g6 3. Bg2 Nf6 4. Nh3 Bg7 5. Nf4 Nc6 6. h4 e5 7. dxe5 Nxe5 8. h5
Qe7 9. Nc3 c6 10. Be3 g5 11. h6 Bf8 12. Nh3 g4 13. Nf4 d5 14. Bd4 Rg8 15. Qd2
Nc4 16. Qc1 Qf7 17. b3 Ba3 18. Qd1 Nd6 19. Qd2 Bb4 20. Qe3+ Kd7 21. Nd3 Bxc3+
22. Bxc3 Kc7 23. Qf4 b6 24. O-O-O Re8 25. Ne5 Qe7 26. Bb2 Nfe4 27. Rh5 Kb7 28.
f3 gxf3 29. exf3 Nc5 30. Qd2 Be6 31. Rg5 Rg8 32. Rg7 Rxg7 33. hxg7 Qxg7 34.
Nxc6 Qxg3 35. Be5 Qg8 36. Nd4 Ne8 37. Nxe6 Qxe6 38. f4 Ne4 39. Qxd5+ Qxd5 40.
Rxd5 Kc6 41. Rd3 a6 42. Rh3 Ra7 43. Rh5 Rf7 44. Rxf5 1-0

[Event "I Trofeo C.V.A. A"]
[Site "Arvier ITA"]
[Date "2004.01.04"]
[Round "4"]
[White "Ortega, Lexy"]
[Black "Trotto, Pierangelo"]
[Result "1-0"]
[WhiteElo "2454"]
[BlackElo "1824"]
[PlyCount "41"]
[EventDate "2004.01.02"]

1. d4 d5 2. c4 e6 3. Nf3 c6 4. Nc3 Nf6 5. e3 Bd6 6. Bd3 O-O 7. O-O Nbd7 8. e4
dxe4 9. Nxe4 Nxe4 10. Bxe4 h6 11. Bc2 Nf6 12. Qd3 c5 13. Rd1 cxd4 14. Qxd4 Bc7
15. Qh4 Qe7 16. Bxh6 gxh6 17. Qxh6 Rd8 18. Ng5 Rxd1+ 19. Rxd1 Be5 20. Bh7+ Nxh7
21. Rd8+ 1-0

[Event "I Trofeo C.V.A. A"]
[Site "Arvier ITA"]
[Date "2004.01.04"]
[Round "4"]
[White "Scipioni, Gaetano"]
[Black "Squarci, Franco"]
[Result "1-0"]
[WhiteElo "2057"]
[BlackElo "2016"]
[PlyCount "101"]
[EventDate "2004.01.02"]

1. d4 d5 2. Nf3 Nd7 3. Bf4 e6 4. e3 Be7 5. Bd3 h5 6. h4 Nh6 7. Nbd2 Nf5 8. Qe2
a5 9. e4 dxe4 10. Nxe4 Nf6 11. O-O-O Nd5 12. Be5 f6 13. Bh2 c6 14. Nc5 Kf7 15.
Rhe1 Bxc5 16. dxc5 e5 17. c4 Nb4 18. Bxf5 Nxa2+ 19. Kb1 Nc3+ 20. bxc3 Bxf5+ 21.
Ka1 Qe7 22. Nd4 Bg6 23. f4 Qxc5 24. fxe5 Qa3+ 25. Qa2 Qxc3+ 26. Qb2 Qxb2+ 27.
Kxb2 fxe5 28. Rxe5 Kg8 29. Re7 Bf7 30. Nf5 a4 31. Rdd7 a3+ 32. Ka1 Rf8 33. Nd6
Rh6 34. Nxf7 Rg6 35. Be5 Rxg2 36. Nh6+ gxh6 37. Rg7+ Rxg7 38. Rxg7+ Kh8 39.
Rxb7+ Kg8 40. Rg7+ Kh8 41. Rf7+ Kg8 42. Rxf8+ Kxf8 43. Ka2 Ke7 44. Kxa3 Ke6 45.
Bg7 Kf5 46. Bxh6 Ke4 47. Kb4 Kd4 48. Bg7+ Ke4 49. Kc5 Kd3 50. Bf6 Ke4 51. Kxc6
1-0

[Event "I Trofeo C.V.A. A"]
[Site "Arvier ITA"]
[Date "2004.01.05"]
[Round "5"]
[White "Barberi, Alessandro"]
[Black "Ortega, Lexy"]
[Result "0-1"]
[WhiteElo "2142"]
[BlackElo "2454"]
[PlyCount "60"]
[EventDate "2004.01.02"]

1. d4 d5 2. c4 c6 3. Nf3 e6 4. g3 dxc4 5. a4 c5 6. Bg2 Nc6 7. Be3 Nf6 8. Na3
cxd4 9. Nxd4 Bb4+ 10. Kf1 Na5 11. Ndb5 Qe7 12. Bxa7 O-O 13. Qc2 Bd7 14. Bd4 Nb3
15. Rd1 Rxa4 16. Bxf6 gxf6 17. Qxc4 Nc5 18. Qc2 Bxa3 19. Nxa3 Rb4 20. Qd2 Rb3
21. h4 Ba4 22. h5 Rb6 23. Nc4 Bxd1 24. Nxb6 Qd8 25. Qb4 Bxe2+ 26. Kxe2 Qd3+ 27.
Ke1 Rd8 28. Nd5 Qb1+ 29. Ke2 Qd3+ 30. Ke1 exd5 0-1

[Event "I Trofeo C.V.A. A"]
[Site "Arvier ITA"]
[Date "2004.01.05"]
[Round "5"]
[White "Pegoraro, Nicola"]
[Black "Scipioni, Gaetano"]
[Result "1/2-1/2"]
[WhiteElo "2068"]
[BlackElo "2057"]
[PlyCount "58"]
[EventDate "2004.01.02"]

1. e4 d6 2. d4 Nf6 3. Nc3 c6 4. f3 Nbd7 5. Be3 e5 6. Nh3 Be7 7. Qd2 O-O 8. Nf2
b5 9. Be2 Nb6 10. O-O b4 11. Ncd1 Be6 12. Qxb4 d5 13. Qd2 exd4 14. Bxd4 c5 15.
Be5 d4 16. b3 Nfd7 17. Bg3 Bf6 18. Nb2 c4 19. bxc4 Rc8 20. Bd3 Ne5 21. Bxe5
Bxe5 22. f4 Bb8 23. g3 Nxc4 24. Nxc4 Bxc4 25. Qe2 Be6 26. f5 Bd7 27. Qh5 f6 28.
Nh3 Ba4 29. Qe2 Qe7 1/2-1/2

[Event "I Trofeo C.V.A. A"]
[Site "Arvier ITA"]
[Date "2004.01.05"]
[Round "5"]
[White "Squarci, Franco"]
[Black "Mazzariol, Oscar"]
[Result "1/2-1/2"]
[WhiteElo "2016"]
[BlackElo "2077"]
[PlyCount "64"]
[EventDate "2004.01.02"]

1. d4 d5 2. Nf3 Nf6 3. Bf4 Bf5 4. Nbd2 Nbd7 5. e3 e6 6. Bd3 Bxd3 7. cxd3 Bd6 8.
Ne5 O-O 9. O-O Qe7 10. Nxd7 Qxd7 11. Bxd6 Qxd6 12. e4 e5 13. dxe5 Qxe5 14. exd5
Qxd5 15. Qb3 Qxb3 16. Nxb3 Rad8 17. d4 c6 18. Nc5 Rxd4 19. Nxb7 Rb4 20. Na5
Rxb2 21. Nxc6 Rb7 22. Rab1 Rc7 23. Na5 Rfc8 24. Rb7 Rxb7 25. Nxb7 Rc7 26. Rb1
g6 27. g3 Kg7 28. a4 Nd7 29. Nd8 a5 30. Rb7 Rxb7 31. Nxb7 Nb6 32. Nxa5 Nxa4
1/2-1/2

[Event "I Trofeo C.V.A. A"]
[Site "Arvier ITA"]
[Date "2004.01.05"]
[Round "5"]
[White "Trotto, Pierangelo"]
[Black "Efimov, Igor"]
[Result "0-1"]
[WhiteElo "1824"]
[BlackElo "2505"]
[PlyCount "40"]
[EventDate "2004.01.02"]

1. e4 c5 2. Nf3 d6 3. d4 cxd4 4. Nxd4 Nf6 5. Nc3 Nc6 6. Be2 e5 7. Nb3 Be7 8.
Be3 O-O 9. O-O Be6 10. Kh1 a5 11. a4 Nb4 12. Rc1 Rc8 13. f3 d5 14. exd5 Nfxd5
15. Nxd5 Nxd5 16. Bg1 Bg5 17. Ra1 b6 18. Ba6 Rc6 19. Qe2 Nb4 20. c4 Nxa6 0-1

[Event "I Trofeo C.V.A. A"]
[Site "Arvier ITA"]
[Date "2004.01.05"]
[Round "6"]
[White "Efimov, Igor"]
[Black "Barberi, Alessandro"]
[Result "1/2-1/2"]
[WhiteElo "2505"]
[BlackElo "2142"]
[PlyCount "102"]
[EventDate "2004.01.02"]

1. d4 g6 2. e4 Bg7 3. Nc3 d6 4. Bg5 Nd7 5. Qd2 a6 6. Nf3 b5 7. a4 b4 8. Ne2 Bb7
9. Ng3 Rb8 10. Bc4 h6 11. Bf4 Ngf6 12. e5 Nd5 13. h4 dxe5 14. dxe5 e6 15. Ne4
Qe7 16. Bg3 Nc5 17. Nxc5 Qxc5 18. Qe2 O-O 19. h5 Nb6 20. Bd3 Bxf3 21. gxf3 g5
22. f4 gxf4 23. Bxf4 Qd4 24. Bg3 Qxb2 25. O-O Rfd8 26. Bxa6 Qc3 27. Bd3 c5 28.
a5 c4 29. Be4 Rd2 30. Qg4 Nd5 31. a6 b3 32. cxb3 cxb3 33. Ra3 Ra2 34. a7 Ra8
35. Bxd5 exd5 36. Qa4 Bxe5 37. Rxa2 bxa2 38. Qxa2 Bxg3 39. Qxd5 Rxa7 40. Qg2
Ra5 41. fxg3 Qe3+ 42. Qf2 Qxf2+ 43. Rxf2 Rxh5 44. Kg2 Kg7 45. Ra2 Rd5 46. Kf3
Kg6 47. Ra3 f6 48. Rb3 Re5 49. Ra3 Rd5 50. Rc3 Re5 51. Ra3 Rc5 1/2-1/2

[Event "I Trofeo C.V.A. A"]
[Site "Arvier ITA"]
[Date "2004.01.05"]
[Round "6"]
[White "Ortega, Lexy"]
[Black "Squarci, Franco"]
[Result "1-0"]
[WhiteElo "2454"]
[BlackElo "2016"]
[PlyCount "101"]
[EventDate "2004.01.02"]

1. d4 e6 2. e4 c5 3. c3 cxd4 4. cxd4 Bb4+ 5. Nc3 Nf6 6. Bd3 Nc6 7. Nf3 Qa5 8.
Bd2 a6 9. O-O b5 10. d5 Ne7 11. d6 Nc6 12. e5 Ng4 13. a3 Bxc3 14. Bxc3 Qb6 15.
h3 Nh6 16. Qd2 Bb7 17. Qg5 Nf5 18. Bxf5 exf5 19. Nd4 h6 20. Qxg7 O-O-O 21. Nxc6
Bxc6 22. e6 fxe6 23. Qxh8 Rxh8 24. Bxh8 Qd8 25. Be5 Qg5 26. g3 Qh5 27. Rac1 Qf3
28. Rxc6+ dxc6 29. Re1 Kd7 30. h4 h5 31. Bf4 c5 32. Rc1 Qd5 33. Re1 a5 34. Be5
c4 35. Bf4 b4 36. axb4 axb4 37. Be5 Qa5 38. Re3 Qd5 39. Re1 Qc5 40. Re3 Qd5 41.
Re1 Kc6 42. Bf4 c3 43. bxc3 bxc3 44. Rc1 Qd3 45. Ra1 c2 46. Kh2 Qe2 47. Ra8
Qxf2+ 48. Kh3 Qf1+ 49. Kh2 Qf2+ 50. Kh3 Kb7 51. d7 1-0

[Event "I Trofeo C.V.A. A"]
[Site "Arvier ITA"]
[Date "2004.01.05"]
[Round "6"]
[White "Pegoraro, Nicola"]
[Black "Trotto, Pierangelo"]
[Result "1-0"]
[WhiteElo "2068"]
[BlackElo "1824"]
[PlyCount "31"]
[EventDate "2004.01.02"]

1. e4 c5 2. Nf3 d6 3. d4 cxd4 4. Nxd4 Nf6 5. Nc3 a6 6. Bg5 e6 7. f4 b5 8. e5
dxe5 9. fxe5 Qc7 10. Qe2 Nfd7 11. O-O-O Bb7 12. Qh5 Qxe5 13. Nxe6 g6 14. Nc7+
Qxc7 15. Qe2+ Qe5 16. Qxe5+ 1-0

[Event "I Trofeo C.V.A. A"]
[Site "Arvier ITA"]
[Date "2004.01.05"]
[Round "6"]
[White "Scipioni, Gaetano"]
[Black "Mazzariol, Oscar"]
[Result "0-1"]
[WhiteElo "2057"]
[BlackElo "2077"]
[PlyCount "50"]
[EventDate "2004.01.02"]

1. d4 d5 2. Nf3 Nf6 3. Bf4 g6 4. e3 Bg7 5. Be2 Nbd7 6. Nbd2 c5 7. c3 O-O 8. Ne5
Qa5 9. O-O Rd8 10. h3 Nxe5 11. Bxe5 cxd4 12. exd4 Bf5 13. Re1 Rac8 14. g4 Be6
15. Nf3 h5 16. Ng5 Qb6 17. gxh5 Ne4 18. Nxe6 Qxe6 19. Bg3 Nxg3 20. Bg4 Qd6 21.
Bxc8 Rxc8 22. fxg3 Qxg3+ 23. Kf1 Rc6 24. Ke2 Bh6 25. Rg1 Re6+ 0-1

[Event "I Trofeo C.V.A. A"]
[Site "Arvier ITA"]
[Date "2004.01.06"]
[Round "7"]
[White "Barberi, Alessandro"]
[Black "Pegoraro, Nicola"]
[Result "0-1"]
[WhiteElo "2142"]
[BlackElo "2068"]
[PlyCount "94"]
[EventDate "2004.01.02"]

1. d4 f5 2. Nc3 Nf6 3. Bg5 e6 4. Qd2 Bb4 5. f3 d5 6. h4 Qe7 7. Nh3 Nbd7 8. a3
Ba5 9. b4 Bb6 10. e4 dxe4 11. fxe4 fxe4 12. Bc4 Qd6 13. Ne2 Nd5 14. O-O N7f6
15. Nhf4 c6 16. Kh1 Bc7 17. g3 Bd7 18. Bb3 b5 19. c4 bxc4 20. Bxc4 O-O 21. h5
a5 22. Rab1 axb4 23. axb4 Rab8 24. h6 g6 25. Qa2 Ra8 26. Qd2 Bd8 27. b5 cxb5
28. Bxb5 Bxb5 29. Rxb5 Ng4 30. Bxd8 Qxd8 31. Rb7 Nxh6 32. Rg7+ Kh8 33. Rb1 Rb8
34. Ra1 Ra8 35. Rb1 Rb8 36. Rc1 Qf6 37. Rd7 e3 38. Qa2 g5 39. Qc2 Rf7 40. Rxf7
Qxf7 41. Ng2 Qh5+ 42. Kg1 Ng4 43. Qc5 Qh2+ 44. Kf1 Kg8 45. Qd6 Rf8+ 46. Nef4
Nxf4 47. gxf4 Rxf4+ 0-1

[Event "I Trofeo C.V.A. A"]
[Site "Arvier ITA"]
[Date "2004.01.06"]
[Round "7"]
[White "Mazzariol, Oscar"]
[Black "Ortega, Lexy"]
[Result "0-1"]
[WhiteElo "2077"]
[BlackElo "2454"]
[PlyCount "41"]
[EventDate "2004.01.02"]

1. e4 c5 2. c3 d5 3. exd5 Qxd5 4. d4 Nf6 5. Nf3 Bg4 6. Be2 e6 7. O-O Nc6 8. Re1
Be7 9. Be3 cxd4 10. cxd4 O-O 11. Nc3 Qd6 12. Qd2 Rfd8 13. h3 Bxf3 14. Bxf3 Nxd4
15. Bxb7 Rab8 16. Rad1 e5 17. Bd5 Nxd5 18. Nxd5 Qxd5 19. Bxd4 Bb4 20. Rxe5 Bxd2
21. Rxd5 0-1

[Event "I Trofeo C.V.A. A"]
[Site "Arvier ITA"]
[Date "2004.01.06"]
[Round "7"]
[White "Squarci, Franco"]
[Black "Efimov, Igor"]
[Result "0-1"]
[WhiteElo "2016"]
[BlackElo "2505"]
[PlyCount "52"]
[EventDate "2004.01.02"]

1. d4 Nf6 2. Nf3 e6 3. g3 c5 4. c3 d5 5. Bg2 b5 6. O-O a5 7. Ne5 Be7 8. Nd2 Bb7
9. Qc2 Qc7 10. Ndf3 Ne4 11. Be3 cxd4 12. Bxd4 O-O 13. Nd3 Nd7 14. Qc1 Bd6 15.
Be3 e5 16. Ng5 Nef6 17. Bd2 Rfe8 18. e3 Ba6 19. Rd1 Rac8 20. Qb1 h6 21. Nh3 Qb6
22. f4 Ng4 23. Re1 b4 24. Bxd5 bxc3 25. Bxc3 Nxe3 26. Rxe3 exf4 0-1